Normal view
MARC view
- 1.Civilization--History
Entry Topical Term
001 - CONTROL NUMBER
- control field: 118503
003 - CONTROL NUMBER IDENTIFIER
- control field: NUST
005 - DATE AND TIME OF LATEST TRANSACTION
- control field: 20231013100026.0
008 - FIXED-LENGTH DATA ELEMENTS
- fixed length control field: 231013|| aca||aabn | a|a d
040 ## - CATALOGING SOURCE
- Original cataloging agency: NUST
- Transcribing agency: NUST
150 ## - HEADING--TOPICAL TERM
- Topical term or geographic name entry element: 1.Civilization--History
670 ## - SOURCE DATA FOUND
- Source citation: Work cat.: (NUST)5081: Spengler, Oswald. 17882, The Decline of the west, 1971.
